Concrete and concreting, (Record no. 532276)
[ view plain ]
| 000 -LEADER | |
|---|---|
| fixed length control field | 00677cam a2200217 4500 |
| 003 - CONTROL NUMBER IDENTIFIER | |
| control field | Nust |
| 005 - DATE AND TIME OF LATEST TRANSACTION | |
| control field | 20191115115640.0 |
| 008 - FIXED-LENGTH DATA ELEMENTS--GENERAL INFORMATION | |
| fixed length control field | 170216b xxu||||| |||| 00| 0 eng d |
| 038 ## - RECORD CONTENT LICENSOR | |
| Staff Name | MSOHAIL |
| 040 ## - CATALOGING SOURCE | |
| Transcribing agency | Nust- |
| 082 00 - DEWEY DECIMAL CLASSIFICATION NUMBER | |
| Classification number | 624.1834 |
| Author Mark | TRE |
| 100 1# - MAIN ENTRY--PERSONAL NAME | |
| Personal name | Tretʹi︠a︡kov, Anatoliĭ Konstantinovich. |
| 9 (RLIN) | 25657 |
| 245 10 - TITLE STATEMENT | |
| Title | Concrete and concreting, |
| Statement of responsibility, etc. | by A. Tretyakov. Translated from the Russian by G. Gibson. |
| 260 ## - PUBLICATION, DISTRIBUTION, ETC. | |
| Place of publication, distribution, etc. | Moscow, |
| Name of publisher, distributor, etc. | MIR Publishers, |
| Date of publication, distribution, etc. | 1968. |
| 300 ## - PHYSICAL DESCRIPTION | |
| Extent | 312 p. with illus. |
| Dimensions | 20 cm. |
| 500 ## - GENERAL NOTE | |
| General note | Translation of Betonnye raboty. |
| 650 #0 - SUBJECT ADDED ENTRY--TOPICAL TERM | |
| Topical term or geographic name entry element | Concrete construction. |
| 9 (RLIN) | 25658 |
| 650 #0 - SUBJECT ADDED ENTRY--TOPICAL TERM | |
| Topical term or geographic name entry element | Precast concrete. |
| 9 (RLIN) | 25659 |
| 650 #0 - SUBJECT ADDED ENTRY--TOPICAL TERM | |
| Topical term or geographic name entry element | MCE |
| 9 (RLIN) | 379 |
| 942 ## - ADDED ENTRY ELEMENTS (KOHA) | |
| Koha item type | Book |
| Source of classification or shelving scheme | |
| Withdrawn status | Lost status | Source of classification or shelving scheme | Damaged status | Not for loan | Permanent Location | Current Location | Date acquired | Total Checkouts | Full call number | Barcode | Date last seen | Price effective from | Koha item type |
|---|---|---|---|---|---|---|---|---|---|---|---|---|---|
| School of Civil and Environmental Engineering (SCEE) | School of Civil and Environmental Engineering (SCEE) | 11/15/2019 | 624.1834 TRE | NIT-12212 | 11/15/2019 | 11/15/2019 | Book | ||||||
| School of Civil and Environmental Engineering (SCEE) | School of Civil and Environmental Engineering (SCEE) | 12/16/2019 | 624.1834 TRE | NIT-12922 | 12/16/2019 | 12/16/2019 | Book |
